000 00714cam a2200265 4500500
005 20260405002027.0
041 _afre
042 _adc
100 1 0 _aLegros, Martin
_eauthor
245 0 0 _aMatière à penser / septembre 2015
260 _c2015.
500 _a91
690 _aCass Sunstein
690 _aChine
690 _aClimat
690 _aCroyance
690 _aFoi
690 _aJustice
690 _aMichel Houellebecq
690 _aMusée
690 _aOccident
690 _aWang Qishan
786 0 _nPhilosophie magazine | 92 | 9 | 2015-09-01 | p. 8-8 | 1951-1787
856 4 1 _uhttps://shs.cairn.info/magazine-philosophie-magazine-2015-9-page-8?lang=fr&redirect-ssocas=7080
999 _c2053443
_d2053443